000 01206pam a22002773a 4500
001 1055
005 20230815141523.0
008 030811s1999 enka j 000 f eng
020 _a0590108395
040 _aUKM
_cUKM
_dDLC
_beng
050 0 0 _aPZ7.A1587
082 0 4 _a813.54
_221
100 1 _aAbbott, Tony,
_d1952-
245 1 4 _aThe hidden stairs and the magic carpet /
_cby Tony Abbott ; illustrated by Tim Jessell.
260 _aNew York :
_aLondon :
_bScholastic,
_c1999.
300 _a80 pages. :
_billustrations. ;
_c20 cm.
490 1 _aThe secrets of Droon ;
_v1
505 _aG
520 _aA hidden door. A magical staircase. Discover the world of Droon! Eric, Julie, and Neal have just found something magic in Eric's basement. They have discovered a staircase to another world! The world of Droon is amazing - full of magic, flying lizards, and fun, furry creatures. But how will Eric, Julie, and Neal find their way home? Maybe their new friend, Princess Keeah, can help?
521 _a380
_bLexile
521 _aG
_bRaz-Plus
655 7 _aChildren's stories.
_2lcsh
700 1 _aJessell, Tim.
906 _a7
_bcbc
_ccopycat
_d2
_encip
_f19
_gy-genrareb
942 _2ddc
_cBK
_n0
999 _c1055
_d1055